000
00252nam a22000857a 4500
008
160713b xxu||||| |||| 00| 0 eng d
100
_9
2716
_a
Maanu Graphics
245
_a
Illustrated Amazing Facts
_b
You wouldn't know
260
_a
New Delhi
_b
Maanu Graphics
_c
2012
999
_c
2358
_d
2358